Science Quiz

Random Science or Chemistry Quiz

Matter statements Quiz Stats

Quiz not verified by Sporcle

Challenge
Share
Tweet
Embed
Score 0/12 Timer 10:00
0 Plays Today
% Correct
Dalton
71.4%
Dalton
71.4%
Democritus
57.1%
Aristotle
57.1%
Aristotle
57.1%
Dalton
57.1%
Dalton
57.1%
Democritus
42.9%
Dalton
42.9%
Dalton
42.9%
Democtirus
14.3%
Democritus
0%

You're not logged in!

Compare scores with friends on all Sporcle quizzes.
Sign Up with Email
OR
Log In

You Might Also Like...

Show Comments

Extras

Top Quizzes Today


Score Distribution

Your Account Isn't Verified!

In order to create a playlist on Sporcle, you need to verify the email address you used during registration. Go to your Sporcle Settings to finish the process.